000 00283nam a22001097a 4500
008 170118b xxu||||| |||| 00| 0 eng d
020 _a00887235166
041 _aeng
080 _a618.2
245 _aTHE WORLD'S GREATEST TREASERY OF THEALTH SECRETS
_cRECHTSCHAFFEN, S
942 _2udc
_cBK
999 _c3126
_d3126